| 000 | 00401pab a2200157 454500 | ||
|---|---|---|---|
| 008 | 180718b2011 xxu||||| |||| 00| 0 eng d | ||
| 100 | _aGuinnane, Timothy W. | ||
| 245 | _aThe historical fertility transition: A guide for economists | ||
| 260 | _c2011 | ||
| 300 | _ap.589-614. | ||
| 362 | _aSep | ||
| 650 | _aFertility | ||
| 773 | _aJournal of Economic Literature | ||
| 908 | _aN | ||
| 909 | _a93508 | ||
| 999 |
_c93508 _d93508 |
||